| 000 | 00519nab a2200145Ia 4500 | ||
|---|---|---|---|
| 003 | ES-SlBCS | ||
| 005 | 20210601132857.0 | ||
| 008 | 140529s1970 xxu||||| |||| 00| 0 ita d | ||
| 041 | _aita | ||
| 100 | 1 |
_aPignoloni, Emilio _9199644 |
|
| 245 | 0 | 0 |
_aFilosofía dell'integralità come filosofía del principio della filosofía e della cultura _c Emilio Pignoloni |
| 650 | 0 | 4 |
_aFilosofía de la Integralidad-Cultura _9199725 |
| 773 | 0 |
_tGiornali di Metafisica _gvol. 25, nº. 4, 1970, págs. 445-451 _w0017-0372 |
|
| 942 | _cAR | ||
| 999 |
_c587056 _d587056 |
||